000 00467nam a2200181Ia 4500
001 56611
008 130531n ii |||gr||||Z||||||346
020 _a81-7293-863-2
082 _a891.443
100 _aBasu,
_eBani.,
245 0 _aGalpa Samagra Vol 2
_cBani Basu
_hTextual Documents
250 _aIst ed-2005.
260 _aKolkata
_bMitra & Ghosh publishers
300 _a291p:
_c23cm.
653 _aBengali Literature
653 _aG-Bengali
942 _2ddc
_cBK
999 _c56533
_d56533